| 000 | 00771 am a2200289 4500 | ||
|---|---|---|---|
| 999 |
_c200444688 _d62900 |
||
| 001 | 1192122 | ||
| 003 | TR-AnU | ||
| 005 | 20211102102627.0 | ||
| 007 | ta | ||
| 008 | 170316s2016 tu f 000 0 d | ||
| 020 | _a9786059293792 | ||
| 040 |
_aTR-AnTOB _beng _cTR-AnTOB |
||
| 041 | _atur | ||
| 050 | _aKKX920 | ||
| 090 |
_aKKX920 _b.T5337 2016 |
||
| 245 | 1 | 0 | _aTicari işletme hukuku ders notları |
| 246 | 1 | 0 | _aTicaret hukuku - 1 |
| 264 |
_aAnkara : _bSavaş, _c2016. |
||
| 300 |
_a144 pages ; _c19 cm. |
||
| 336 |
_2rdacontent _btxt _atext |
||
| 337 |
_2rdamedia _bn _aunmediated |
||
| 338 |
_2rdacarrier _bnc _avolume |
||
| 490 | 0 | _aAltın seri akıllı notlar dizisi. | |
| 650 | 0 |
_aTicaret hukuku _9124790 |
|
| 942 |
_2lcc _cBK |
||